000 00940cab a2200289 4500
001 ABS47949
008 090401t1992 xxu||||| |||| 00| 0 eng d
035 _a(Sirsi) u64171
041 _aeng
100 _aCain, P.J.
245 _aFarm income and public exchequer impact of the removal of CAP market support
260 _c1992
350 _a0
490 _aFarm Management
_v8(4) Winter 1992, 153-161 (5)
520 _aExamines the effect on prices and farm incomes of the withdrawal of CAP support and whether savings in public expenditure as a result would cover compensation of farmers for loss of income on a per holding basis.
650 _aAGRICULTURE
650 _aCAP REFORM
650 _aCOMPENSATION
650 _aEUROPEAN COMMUNITY
650 _aFARM INCOMES
650 _aSUBSIDIES
690 _aRURAL PRACTICE
700 _aSaunders, C.M.
700 _aYounger, A.
942 _n0
948 _c04/03/1997
999 _c39956
_d39956